Catálogo

LA EDUCACION DEL NIÑO Y DEL ADOLESCENTE : (Registro nro. 3441)

Detalles MARC
000 -LEADER
fixed length control field 00614nam a2200193 a 4500
001 - CONTROL NUMBER
control field 3441
005 - DATE AND TIME OF LATEST TRANSACTION
control field 20180713183354.0
008 - FIXED-LENGTH DATA ELEMENTS--GENERAL INFORMATION
fixed length control field 140415s1967 000 0 spa d
041 ## - LANGUAGE CODE
Language code of text/sound track or separate title spa
082 ## - DEWEY DECIMAL CLASSIFICATION NUMBER
Classification number 371.104
Item number WAL
100 1# - MAIN ENTRY--PERSONAL NAME
Personal name WALLENSTEIN, ANTON
245 13 - TITLE STATEMENT
Title LA EDUCACION DEL NIÑO Y DEL ADOLESCENTE :
Remainder of title INDICACION Y CONSEJOS PARA PADRES, DIRECTORES ESPIRITUALES
250 ## - EDITION STATEMENT
Edition statement 4a ed.
260 ## - PUBLICATION, DISTRIBUTION, ETC.
Place of publication, distribution, etc. [s.l.] :
Name of publisher, distributor, etc. HERDER,
Date of publication, distribution, etc. 1967
300 ## - PHYSICAL DESCRIPTION
Extent 413
490 ## - SERIES STATEMENT
Series statement BIBLIOTECA HERDER
Volume/sequential designation SECCION DE PEDAGOGI
-- 31
650 14 - SUBJECT ADDED ENTRY--TOPICAL TERM
Topical term or geographic name entry element ADOLESCENCIA
General subdivision EDUCACION DE NIOS
700 1# - ADDED ENTRY--PERSONAL NAME
Personal name RUIZ GARRIDO, CONSTANTINO
Relator term tr.
Existencias
Withdrawn status Lost status Source of classification or shelving scheme Damaged status Not for loan Collection code Home library Current library Shelving location Date acquired Source of acquisition Inventory number Total Checkouts Full call number Barcode Date last seen Price effective from Koha item type
    Dewey Decimal Classification     General Biblioteca Karol Wojtyla Biblioteca Karol Wojtyla Sala general 03/12/2013 Compra 151000000000000000042728   371.104 WAL 1451 05/01/2026 03/12/2013 Libro